000 00725nam a22002417a 4500
999 _c34238
_d34238
001 3590
003 CO-MdFUSB
005 20180622073138.0
008 180322s1984 sp ||||| |||| 00| 0 spa d
020 _a84-7228-916-8
040 _aCO-MdFUSB
_bspa
_cCO-MdFUSB
_dCO-MdFUSBC
_erda
041 0 _aspa
082 0 4 _aG 227.6 M6121c
100 1 _aMeyer, F. B. (Frederick Brotherton) (1847-1929)
_eautor
245 0 _aCiudadanos del Cielo
_c / F. B. Meyer
264 1 _aTerrassa, Barcelona, España :
_b CLIE,
_c[1984]
300 _a261 Pag
336 _2rdacontent
_atexto
_btxt
337 _2rdamedia
_asin mediación
_bn
338 _2rdacarrier
_avolumen
_bnc
653 _a Biblia N.T. - Filipenses - Comentarios
942 _cBK